LEADER 01003nam a2200217 i 4500 001 000000021658 003 CaOOAMICUS 005 20180830125445.0 008 180830s1933 gw u000 u und u 040 $aSeMil$bita 100 1 $aSchmidlin, Josef <1876-1943>.$0(OLS)http://semarc/name/9691 245 10$aPapstgeschichte der neuesten Zeit /$cJosef Schmidlin. 260 $aMünchen :$bKösel und Pustet,$c1933. 300 $av. ;$c25 cm. 500 $aPosseduto solo il vol. 1. 650 4$aPapi - Storia - Fonti.$0(OLS)http://semarc/subject/1334 650 4$aPapato - Storia - Origini.$0(OLS)http://semarc/subject/44831 650 4$aPapi - Storia.$0(OLS)http://semarc/subject/3375 774 0 $aSchmidlin, Josef <1876-1943>$tPapsttum und Päpste im Zeitalter der Restauration, 1800-1846.$dMünchen : Kösel und Pustet, 1933.$gBd.1$w()178963 996 $6245$aPapstgeschichte der neuesten Zeit$9(OLS)http://semarc/title/28713 996 $6260$aMünchen :$bKösel und Pustet$9(OLS)http://semarc/publisher/30675 LEADER 01405nam a2200253 i 4500 001 000000195435 003 CaOOAMICUS 005 20160628000000.0 008 160628s2016 it u000 u ita u 013 $a174108 040 $aSeMil$bita 100 1 $aFerrari, Mauro.$0(OLS)http://semarc/name/70936 245 10$aCura della speranza, speranza nella cura :$batti convegno 27 novembre 2015, Aula Magna Fondazione IRCCS, Istituto nazionale dei tumori di Milano /$cInterventi di: Mauro Ferrari ... [et al.] ; A cura di: Riccardo Bonacina con la collaborazione di Costanza Raimondi e Filippo Marrone. 260 $a[Milano] :$bVita,$c2016. 300 $a107 p. ;$c21 cm. 650 4$aMilano - Istituto nazionale per lo studio e la cura dei tumori - Congressi.$0(OLS)http://semarc/subject/36722 700 1 $aMarrone, Filippo.$0(OLS)http://semarc/name/70938 700 1 $aRaimondi, Costanza.$0(OLS)http://semarc/name/70937 700 1 $aBonacina, Riccardo.$0(OLS)http://semarc/name/16850 850 $aSeMil 852 $aSeMil$W1$xVenegono$y1$m2E II 491$j146004$B146004$CSeMilBibl$Z2$F213939 $81 961 $aOmaggio: Delpini mons. Mario 996 $6245$aCura della speranza, speranza nella cura :$batti convegno 27 novembre 2015, Aula Magna Fondazione IRCCS, Istituto nazionale dei tumori di Milano$9(OLS)http://semarc/title/281979 996 $6260$a[Milano] :$bVita$9(OLS)http://semarc/publisher/50754